Statistiques concernant Animaux d'Europe par images

Cliquez ici pour prendre le quiz!

Statistiques générales

  • Ce quiz a été pris 1 937 fois
    (737 depuis la dernière actualisation)
  • Le résultat moyen est 14 sur 24

Statistiques - réponses

Réponse% Correct
Hérisson
100%
Cerf élaphe
99%
Sanglier
97%
Corbeau
96%
Écureuil roux
96%
Taupe
96%
Chouette hulotte
95%
Cygne tuberculé
93%
Rouge-gorge
81%
Salamandre tachetée
77%
Blaireau
72%
Bouquetin des Alpes
68%
Daim
51%
Martin-pêcheur
47%
Chamois
43%
Fouine
41%
Rainette verte
37%
Perdrix
22%
Vison
20%
Martre
17%
Triton
14%
Dorade
12%
Loir
12%
Alouette
7%

Distribution des résultats

Percentile par nombre de réponses

% des personnes avec chaque résultat

Votre développement - résultats

Vous n’avez pas pris ce quiz depuis la dernière actualisation